| 000 | 02065cam a2200289Ii 4500 | ||
|---|---|---|---|
| 003 | OSt | ||
| 005 | 20211007123749.0 | ||
| 008 | 181122s2015 ck a b 000 0 spa d | ||
| 020 | _a9789583802355 | ||
| 020 | _z9583802352 | ||
| 040 |
_aCo-BoUCM _cCO-JMCR |
||
| 041 | 0 | _aspa | |
| 082 | 0 | 4 |
_a338.9861 / _bO151c _223 |
| 100 | 1 |
_aOcampo, José Antonio _eautor _948091 |
|
| 245 | 1 | 0 |
_aCafé, industria y macroeconomía : _bensayos de historia econm̤ica colombiana _cJosé Antonio Ocampo |
| 246 | 3 | 0 | _aEnsayos de historia económica colombiana |
| 260 |
_aBogotá (Colombia) : _bFondo de Cultura Económica : _cBanco de La Republica, _g2015. |
||
| 300 |
_a396 páginas : _bilustraciones y gráficas en blanco y negro ; _c24 cm. |
||
| 490 | 0 | _aSección de obras de economía | |
| 504 | _aBibliografía : páginas 388-390. | ||
| 505 | 0 | _aComerciantes, artesanos y política económica en Colombia, 1830-1880. -- Centralismo, descentralización y federalismo en la historia colombiana. -- Una breve historia cafetera de Colombia, 1830-1958. -- Regímenes monetarios variables en una economía preindustrial, Colombia 1850-1933. -- La transición de una economía primario-exportadora al desarrollo industrial en Colombia. -- Cuatro décadas de endeudamiento externo colombiano,1945-1987. -- Ciclo cafetero y comportamiento macroeconómico en Colombia, 1940-1987. -- La apertura económica de 1990-1991. | |
| 520 | 0 | _aEste libro reúne ocho ensayos de José Antonio Ocampo Gaviria sobre historia económica colombiana, publicados a lo largo de casi veinte años de trabajo. El primero de los temas que se analizan es el café, objeto de un estudio especial, además de otros sobre la transición hacia una economía más diversificada y sobre el papel central que desempeñaron los ciclos cafeteros en el comportamiento macroeconómico de Colombia durante el siglo xx. | |
| 650 | 1 | 4 |
_aIndustria del café _zColombia _xHistoria _917429 |
| 650 | 2 | 4 |
_aHistoria económica _9173 |
| 651 | 2 | 4 |
_aColombia _xCondiciones económicas _ySiglo XIX-XX _994614 |
| 942 |
_2ddc _cBK |
||
| 999 |
_c12657 _d12657 |
||